|
|
|
|
| LEADER |
04336nam a2200601 4500 |
| 001 |
978-3-319-77767-2 |
| 003 |
DE-He213 |
| 005 |
20191023171649.0 |
| 007 |
cr nn 008mamaa |
| 008 |
180721s2019 gw | s |||| 0|eng d |
| 020 |
|
|
|a 9783319777672
|9 978-3-319-77767-2
|
| 024 |
7 |
|
|a 10.1007/978-3-319-77767-2
|2 doi
|
| 040 |
|
|
|d GrThAP
|
| 050 |
|
4 |
|a TA355
|
| 050 |
|
4 |
|a TA352-356
|
| 072 |
|
7 |
|a TGMD4
|2 bicssc
|
| 072 |
|
7 |
|a TEC009070
|2 bisacsh
|
| 072 |
|
7 |
|a TGMD
|2 thema
|
| 082 |
0 |
4 |
|a 620
|2 23
|
| 245 |
1 |
0 |
|a Uncertainty Management for Robust Industrial Design in Aeronautics
|h [electronic resource] :
|b Findings and Best Practice Collected During UMRIDA, a Collaborative Research Project (2013-2016) Funded by the European Union /
|c edited by Charles Hirsch, Dirk Wunsch, Jacek Szumbarski, Łukasz Łaniewski-Wołłk, Jordi Pons-Prats.
|
| 250 |
|
|
|a 1st ed. 2019.
|
| 264 |
|
1 |
|a Cham :
|b Springer International Publishing :
|b Imprint: Springer,
|c 2019.
|
| 300 |
|
|
|a IX, 819 p. 463 illus., 370 illus. in color.
|b online resource.
|
| 336 |
|
|
|a text
|b txt
|2 rdacontent
|
| 337 |
|
|
|a computer
|b c
|2 rdamedia
|
| 338 |
|
|
|a online resource
|b cr
|2 rdacarrier
|
| 347 |
|
|
|a text file
|b PDF
|2 rda
|
| 490 |
1 |
|
|a Notes on Numerical Fluid Mechanics and Multidisciplinary Design,
|x 1612-2909 ;
|v 140
|
| 520 |
|
|
|a This book covers cutting-edge findings related to uncertainty quantification and optimization under uncertainties (i.e. robust and reliable optimization), with a special emphasis on aeronautics and turbomachinery, although not limited to these fields. It describes new methods for uncertainty quantification, such as non-intrusive polynomial chaos, collocation methods, perturbation methods, as well as adjoint based and multi-level Monte Carlo methods. It includes methods for characterization of most influential uncertainties, as well as formulations for robust and reliable design optimization. A distinctive element of the book is the unique collection of test cases with prescribed uncertainties, which are representative of the current engineering practice of the industrial consortium partners involved in UMRIDA, a level 1 collaborative project within the European Commission's Seventh Framework Programme (FP7). All developed methods are benchmarked against these industrial challenges. Moreover, the book includes a section dedicated to Best Practice Guidelines for uncertainty quantification and robust design optimization, summarizing the findings obtained by the consortium members within the UMRIDA project. All in all, the book offers a authoritative guide to cutting-edge methodologies for uncertainty management in engineering design, covers a wide range of applications and discusses new ideas for future research and interdisciplinary collaborations. .
|
| 650 |
|
0 |
|a Vibration.
|
| 650 |
|
0 |
|a Dynamical systems.
|
| 650 |
|
0 |
|a Dynamics.
|
| 650 |
|
0 |
|a Engineering design.
|
| 650 |
|
0 |
|a Physics.
|
| 650 |
|
0 |
|a Acoustics.
|
| 650 |
1 |
4 |
|a Vibration, Dynamical Systems, Control.
|0 http://scigraph.springernature.com/things/product-market-codes/T15036
|
| 650 |
2 |
4 |
|a Engineering Design.
|0 http://scigraph.springernature.com/things/product-market-codes/T17020
|
| 650 |
2 |
4 |
|a Numerical and Computational Physics, Simulation.
|0 http://scigraph.springernature.com/things/product-market-codes/P19021
|
| 650 |
2 |
4 |
|a Acoustics.
|0 http://scigraph.springernature.com/things/product-market-codes/P21069
|
| 700 |
1 |
|
|a Hirsch, Charles.
|e editor.
|4 edt
|4 http://id.loc.gov/vocabulary/relators/edt
|
| 700 |
1 |
|
|a Wunsch, Dirk.
|e editor.
|4 edt
|4 http://id.loc.gov/vocabulary/relators/edt
|
| 700 |
1 |
|
|a Szumbarski, Jacek.
|e editor.
|4 edt
|4 http://id.loc.gov/vocabulary/relators/edt
|
| 700 |
1 |
|
|a Łaniewski-Wołłk, Łukasz.
|e editor.
|4 edt
|4 http://id.loc.gov/vocabulary/relators/edt
|
| 700 |
1 |
|
|a Pons-Prats, Jordi.
|e editor.
|4 edt
|4 http://id.loc.gov/vocabulary/relators/edt
|
| 710 |
2 |
|
|a SpringerLink (Online service)
|
| 773 |
0 |
|
|t Springer eBooks
|
| 776 |
0 |
8 |
|i Printed edition:
|z 9783319777665
|
| 776 |
0 |
8 |
|i Printed edition:
|z 9783319777689
|
| 776 |
0 |
8 |
|i Printed edition:
|z 9783030085346
|
| 830 |
|
0 |
|a Notes on Numerical Fluid Mechanics and Multidisciplinary Design,
|x 1612-2909 ;
|v 140
|
| 856 |
4 |
0 |
|u https://doi.org/10.1007/978-3-319-77767-2
|z Full Text via HEAL-Link
|
| 912 |
|
|
|a ZDB-2-ENG
|
| 950 |
|
|
|a Engineering (Springer-11647)
|